000 00732nam a2200205 i 4500
001 37893
003 ES-MaACL
005 20250908233045.0
007 t|
008 030224s1965 sp ||||1| spa d
100 1 _aCahier, Philippe.
_933443
245 1 0 _aDerecho diplomático contemporáneo /
_cPhilippe Cahier ; traducción y notas para la versión española de José Vicente Torrente, Marcelino Oreja, Julio González Campos.
260 _aMadrid, etc. :
_bRialp,
_c[1965]
300 _a685 p. ;
_c22 cm.
700 1 _aTorrente, José Vicente.
_9110846
700 1 _aOreja, Marcelino.
_987217
700 1 _aGonzález Campos, Julio D.,
_d1932-2007
_958489
852 _aES-MaACL
_jC-27956
_bR.57255
999 _c37893
_d37893